000 00480nam a2200181Ia 4500
008 240925s9999 xx 000 0 und d
020 _a789721260
082 _a005.721 LIB
100 _aLiberty, Jesse
245 0 _aWeb Classes from Scratch
250 _aNA
260 _aIndiana:
_bQUE Publishing
_cNA
300 _axxv,260p.
_bNA
_fPirated
500 _aIncludes Index
600 _aComputer Science
650 _aComputer science, information & general works
942 _cBK
999 _c5932
_d5932